Tipy a nápady pre šéfa viac ako 100 rád trvalej hodnoty
Salvato in:
| Natura: | Periodico |
|---|---|
| Lingua: | slovacco ceco |
| Pubblicazione: |
Bratislava
UNIAPRESS INTERNATIONAL
2000
|
| Soggetti: | |
| Tags: |
Nessun Tag, puoi essere il primo ad aggiungerne!!
|
MARC
| LEADER | 00000nas2a2200000 4500 | ||
|---|---|---|---|
| 001 | s124892 | ||
| 005 | 20221220131518.2 | ||
| 041 | 0 | |a slo | |
| 041 | 0 | |a cze | |
| 044 | |a SK | ||
| 245 | 1 | 0 | |a Tipy a nápady pre šéfa |b viac ako 100 rád trvalej hodnoty |
| 264 | 1 | |a Bratislava |b UNIAPRESS INTERNATIONAL |c 2000 | |
| 300 | |a 1 zv. | ||
| 773 | 0 | |w eu_un_cat*s120247 | |
| 610 | 2 | 0 | |a marketing |
| 610 | 2 | 0 | |a odbyt |
| 610 | 2 | 0 | |a predaj |